<?xml version="1.0" encoding="UTF-8"?>
<record
    xmlns:xsi="http://www.w3.org/2001/XMLSchema-instance"
    xsi:schemaLocation="http://www.loc.gov/MARC21/slim http://www.loc.gov/standards/marcxml/schema/MARC21slim.xsd"
    xmlns="http://www.loc.gov/MARC21/slim">

  <leader>00968nam a22001337a 4500</leader>
  <datafield tag="999" ind1=" " ind2=" ">
    <subfield code="c">533805</subfield>
    <subfield code="d">533805</subfield>
  </datafield>
  <controlfield tag="008">260625b           ||||| |||| 00| 0 eng d</controlfield>
  <datafield tag="100" ind1=" " ind2=" ">
    <subfield code="a">Kanisetti, Anirudh  </subfield>
    <subfield code="9">61346</subfield>
  </datafield>
  <datafield tag="245" ind1=" " ind2=" ">
    <subfield code="a">Gods with many faces: Positioning Muslim devotees, sultans and Khans South Indian Hinduism </subfield>
  </datafield>
  <datafield tag="260" ind1=" " ind2=" ">
    <subfield code="a">India International Center Quarterly  </subfield>
  </datafield>
  <datafield tag="300" ind1=" " ind2=" ">
    <subfield code="a">52 (3&amp;4), Winter 2025- Summer 2026: p.140-149</subfield>
  </datafield>
  <datafield tag="520" ind1=" " ind2=" ">
    <subfield code="a"> When we speck of syncretism in Indian history the conversation almost always true&#x2019;s to the medieval and early modern encounters between Hinduism and Islam a topic explored at length by some of the distinguished contrition to this value. The Bhakti Sants who sang in vernacular tongues, the Sufi pairs spiritual gaudies who drew disciples across caste and creed, the shared shrines where Hindus and Muslims prayed side by side these are the familiar exemplars of  a plural India. &#x2013; Reproduced  </subfield>
  </datafield>
  <datafield tag="773" ind1=" " ind2=" ">
    <subfield code="a">India International Center Quarterly  </subfield>
  </datafield>
  <datafield tag="942" ind1=" " ind2=" ">
    <subfield code="c">AR</subfield>
  </datafield>
  <datafield tag="952" ind1=" " ind2=" ">
    <subfield code="0">0</subfield>
    <subfield code="1">0</subfield>
    <subfield code="2">ddc</subfield>
    <subfield code="4">0</subfield>
    <subfield code="7">0</subfield>
    <subfield code="9">408985</subfield>
    <subfield code="a">IIPA</subfield>
    <subfield code="b">IIPA</subfield>
    <subfield code="d">2026-06-25</subfield>
    <subfield code="h">52 (3&amp;4), Winter 2025- Summer 2026: p.140-149</subfield>
    <subfield code="p">AR139267</subfield>
    <subfield code="r">2026-06-25</subfield>
    <subfield code="y">AR</subfield>
  </datafield>
</record>
